000 00331 a2200109 4500
001 ART_9476
005 20260410161846.0
008 260409a
245 1 0 _aPrólogo a la tercera Carta del Brasil
100 1 _aBacha, Edmar L.
773 0 _tEl trimestre económico
_g- Vol. LI, Nº 203 (jul./set. 1984)
_wREV6933
999 _c24583
_d24583